000 00398nam a2200169Ia 4500
001 22506
003 IN-NITTTR
005 20251114233254.0
008 251113s9999||||xx |||||||||||||| ||eng||
040 _beng
040 _cIN-NITTTR
041 _aeng
082 _a530 W691P
100 _aWilson, Jerry D.
245 0 _aPhysics; concepts and Application. /
_cWilson, Jerry D.
942 _2ddc
_cBK
999 _c25135
_d25135